| 000 | 00613nam a2200205 a 4500 | ||
|---|---|---|---|
| 001 | 4894 | ||
| 003 | CDMR | ||
| 005 | 20131204111323.0 | ||
| 008 | 130130s2003||||||||||||||||||||||||||||d | ||
| 020 | _a8425215331 | ||
| 040 |
_aCDMR _bcat _cCDMR |
||
| 245 | 0 | 0 |
_aIndiferencia y singularidad _b: la fotografía en el pensamiento artístico contemporáneo _cGlòria Picazo, Jorge Ribalta (eds.) |
| 260 |
_aBarcelona _bGustavo Gili _c2003 |
||
| 300 | _a287 p. | ||
| 490 | 0 | _aFotoGGrafia | |
| 650 | 0 | 4 |
_94210 _aFotografia _xFilosofia |
| 700 | 1 |
_91219 _aPicazo, Glòria |
|
| 700 | 1 |
_93315 _aRibalta, Jorge |
|
| 942 |
_cMON _2ddc |
||
| 999 |
_c4894 _d4894 |
||